000
00494nam a2200181Ia 4500
008
090711s9999 xx 000 0 und d
082
_b
67790
100
_a
गावसकर सुनील
245
_a
सुनिल
260
_c
1991
300
_a
328
600
_a
गावसकर सुनील
630
_a
सुनिल
700
_a
कऱ्हाडे संजय
700
_a
गावसकर सुनील
730
_a
सुनिल
942
_c
BOOK
999
_c
312670
_d
312670